000 00747nam a2200253 a 4500
001 567
003 BD-RjUL
005 20211208233212.0
008 890615s1981 ilu 001 0 eng
035 _a(BD-RjUL)
040 _aDLC
_cDLC
_dDLC
_dBD-RjUL
_beng
041 _aeng
082 0 0 _a025.32
_220
_bGOC 1981
100 1 _aGorman, Michael,
_d1941-
_9180
245 1 4 _aThe concise AACR2, 1988 revision /
_cprepared by Michael Gorman.
260 _aNew Delhi :
_bOxford & IBH,
_cc.1981
300 _axi, 164 p. ;
_c23 cm.
504 _aIncludes index.
650 0 _aDescriptive cataloging
_xRules.
_9179
730 0 _aAnglo-American cataloging rules (2nd ed.
_9125842
942 _2ddc
_cBK
999 _c567
_d567